Normal view MARC view
  • statistics

Entry Topical Term

Number of records used in: 1

001 - CONTROL NUMBER

  • control field: 68678

003 - CONTROL NUMBER IDENTIFIER

  • control field: OSt

005 - DATE AND TIME OF LATEST TRANSACTION

  • control field: 20220806111524.0

008 - FIXED-LENGTH DATA ELEMENTS

  • fixed length control field: 220806|| aca||aabn | a|a d

040 ## - CATALOGING SOURCE

  • Original cataloging agency: OSt
  • Transcribing agency: OSt

150 ## - HEADING--TOPICAL TERM

  • Topical term or geographic name entry element: statistics

670 ## - SOURCE DATA FOUND

  • Source citation: Work cat.: (OSt)38570: Chirputkar, P. S. / Kapre, P. S. 68677, Book On Summary Of Results And Problems: Statistical Methods-ii, 2014